|
|
|
|
| LEADER |
01601cam a2200289 i 4500 |
| 001 |
4612348 |
| 003 |
GR-PaULI |
| 005 |
20210415082637.0 |
| 008 |
771219s1978 nyua b 101 0 eng |
| 952 |
|
|
|0 0
|1 0
|2 ddc
|4 0
|6 Π_Σ_333_731000000000000_53_CON
|7 0
|9 233445
|a LISP
|b LISP
|c REF
|d 2019-07-01
|i 07770
|l 0
|o Π/Σ 333.731 53 CON
|p 025000113741
|r 2019-07-01 00:00:00
|t 1
|v 2019.00
|w 2019-07-01
|y BKN
|
| 999 |
|
|
|c 141660
|d 141660
|
| 010 |
|
|
|a 77018922
|
| 020 |
|
|
|a 0306328038
|
| 040 |
|
|
|a DLC
|c GR-PaULI
|d
|b gre
|e AACR2
|
| 082 |
0 |
0 |
|a 333.731 53
|2 23
|
| 111 |
|
|
|a Conference on the Rehabilitation of Severely Damaged Land and Freshwater Ecosystems in Temperate Zones
|d (1976 :
|c Reykjavík, Iceland)
|9 176759
|
| 245 |
1 |
4 |
|a The breakdown and restoration of ecosystems :
|b [proceedings of the Conference on the Rehabilitation of Severely Damaged Land and Freshwater Ecosystems in Temperate Zones, held in Reykjavík, Iceland, July 4-10, 1976 /
|c sponsored by the NATO Special Program Panel on Ecology] ; edited by M. W. Holdgate and M. J. Woodman.
|
| 260 |
|
|
|a New York :
|b Plenum Press,
|c c1978.
|
| 300 |
|
|
|a xi, 496 σ. :
|b εικ. ;
|c 26 εκ.
|
| 490 |
1 |
|
|a NATO conference series. I. Ecology
|v 3.
|
| 504 |
|
|
|a Περιλαμβάνει βιβλιογραφικές παραπομπές και ευρετήριο.
|
| 650 |
0 |
4 |
|a Περιβάλλον
|x Προστασία.
|9 13278
|
| 700 |
1 |
|
|a Holdgate, Martin W.
|9 176757
|e επιμελητής.
|
| 700 |
1 |
|
|a Woodman, M. J.
|9 176758
|e επιμελητής.
|
| 830 |
|
0 |
|9 176723
|a NATO conference series.
|p Ecology
|v 3.
|
| 942 |
|
|
|2 ddc
|c BKN
|
| 998 |
|
|
|c ΜΠΟΥΡΑΣ
|d 2019-07
|